Finančná analýza - priebežne počas celého roka
Potreba sledovania a vyhodnocovania výsledkov činnosti firmy. Využitie údajov z ročnej účtovnej uzávierky. Porovnávanie pomerových ukazovateľov s výsledkami iných podnikov. Výsledky štatistického spracovania podnikateľských subjektov ponúka Bankové zúčtovacie centrum Slovenska, a.s. Bratislava. Význ...
Gespeichert in:
| 1. Verfasser: | |
|---|---|
| Format: | Buchkapitel |
| Sprache: | Slowakisch |
| Schlagworte: | |
| Tags: |
Keine Tags, Fügen Sie das erste Tag hinzu!
|
MARC
| LEADER | 00000naa a2200000 4500 | ||
|---|---|---|---|
| 001 | r021675 | ||
| 005 | 20230809082131.9 | ||
| 041 | 0 | |a slo | |
| 044 | |a SK | ||
| 245 | 1 | 0 | |a Finančná analýza - priebežne počas celého roka |c Jana Šnircová |
| 520 | |a Potreba sledovania a vyhodnocovania výsledkov činnosti firmy. Využitie údajov z ročnej účtovnej uzávierky. Porovnávanie pomerových ukazovateľov s výsledkami iných podnikov. Výsledky štatistického spracovania podnikateľských subjektov ponúka Bankové zúčtovacie centrum Slovenska, a.s. Bratislava. Význam sledovania finančných ukazovateľov. Firma INES Product, s.r.o. Bratislava ponúka program pre podniky pre zvládnutie problémov finančného riadenia. | ||
| 610 | 2 | 0 | |a analýza finančná |
| 610 | 2 | 0 | |a ukazovatele finančné |
| 610 | 2 | 0 | |a firmy |
| 610 | 2 | 0 | |a manažment finančný |
| 610 | 2 | 0 | |a softvér |
| 610 | 2 | 0 | |a informácie |
| 100 | 1 | |a Šnircová, Jana, 1971- | |